000 00286nam a22001337a 4500
008 170203b xxu||||| |||| 00| 0 eng d
020 _a9781557981097
041 _aeng
080 _a61
100 _a3
101 _aSHM
245 _aTHE SUCIDALPATEINT
_cBONGAR BRUCE
942 _2udc
_cBK
999 _c4404
_d4404